| 000 | 00638cam a22002293a 4500 | ||
|---|---|---|---|
| 001 | 10028 | ||
| 003 | PGUSA | ||
| 005 | 20140828083218.0 | ||
| 008 | 031012s2003||||xxu|||||s|||||000 | eng d | ||
| 040 |
_aPGUSA _beng |
||
| 042 | _adc | ||
| 050 | 4 | _aGV | |
| 245 | 1 | 0 |
_aSpalding's Official Baseball Guide - 1913 _h[electronic resource] |
| 260 |
_bProject Gutenberg, _c2003 |
||
| 506 | _aPublic domain in the USA. | ||
| 516 | _aElectronic text | ||
| 653 | _aBaseball | ||
| 700 | 1 |
_aFoster, John B. _q(John Buckingham), _d1863-1941 |
|
| 830 | 0 |
_aProject Gutenberg _v10028 |
|
| 856 | 4 | 0 | _uhttp://www.gutenberg.org/ebooks/10028 |
| 942 | _cEB | ||
| 999 |
_c239283 _d239283 |
||